[Event "BEL-chT 0809"]
[Site "Belgium"]
[Date "2009.01.18"]
[Round "7.5"]
[White "Bauduin, Etienne"]
[Black "Laurent, Julien G"]
[Result "1/2-1/2"]
[WhiteElo "2278"]
[BlackElo "2363"]
[PlyCount "35"]
[EventDate "2008.10.05"]
[EventType "team-tourn"]
[EventRounds "11"]
[EventCountry "BEL"]
[SourceTitle "EXT 2010"]
[Source "ChessBase"]
[SourceDate "2010.11.25"]
[SourceVersion "1"]
[SourceVersionDate "2010.11.25"]
[SourceQuality "1"]
[WhiteTeam "Charleroi CREC"]
[BlackTeam "Namur"]
[WhiteTeamCountry "BEL"]
[BlackTeamCountry "BEL"]

1. c4 Nf6 2. Nc3 e5 3. Nf3 Nc6 4. e3 Be7 5. d4 exd4 6. Nxd4 Nxd4 7. Qxd4 b6 8. Be2 Bb7 9. 0-0 0-0 10. Rd1 Re8 11. b3 Bd6 12. Bb2 Be5 13. Qd2 Ne4 14. Nxe4 Bxb2 15. Qxb2 Bxe4 16. Rd4 Qg5 17. g3 d6 18. Rad1 1/2-1/2

[Event "EU-Cup 24th"]
[Site "Kallithea"]
[Date "2008.10.23"]
[Round "7"]
[White "Bauduin, Etienne"]
[Black "Fiebig, Thomas"]
[Result "0-1"]
[WhiteElo "2309"]
[BlackElo "2401"]
[PlyCount "50"]
[EventDate "2008.10.17"]
[EventType "team-swiss"]
[EventRounds "7"]
[EventCountry "GRE"]
[SourceTitle "CBM 127"]
[Source "ChessBase"]
[SourceDate "2008.11.13"]
[SourceVersion "1"]
[SourceVersionDate "2008.11.13"]
[SourceQuality "1"]
[WhiteTeam "Charleroi CREC"]
[BlackTeam "Eupen Rochade"]
[WhiteTeamCountry "BEL"]
[BlackTeamCountry "BEL"]

1. c4 c6 2. e4 d5 3. exd5 cxd5 4. cxd5 Nf6 5. Nc3 Nxd5 6. Nf3 e6 7. Bb5+ Bd7 8. Bc4 Bc6 9. 0-0 Be7 10. d4 0-0 11. Ne5 Nxc3 12. bxc3 Bd5 13. Bd3 Nd7 14. Re1 Rc8 15. Nxd7 Qxd7 16. Re3 g6 17. Bd2 Rfd8 18. Qe2 Qc6 19. Be4 Bf6 20. f4 Bxe4 21. Rxe4 Rd5 22. Rb1 b6 23. Be1 Ra5 24. c4 Rxa2 25. Qxa2 Qxe4 0-1

[Event "EU-Cup 24th"]
[Site "Kallithea"]
[Date "2008.10.20"]
[Round "4"]
[White "Bauduin, Etienne"]
[Black "Sinnett, Glyn"]
[Result "1-0"]
[WhiteElo "2309"]
[BlackElo "2010"]
[PlyCount "63"]
[EventDate "2008.10.17"]
[EventType "team-swiss"]
[EventRounds "7"]
[EventCountry "GRE"]
[SourceTitle "CBM 127"]
[Source "ChessBase"]
[SourceDate "2008.11.13"]
[SourceVersion "1"]
[SourceVersionDate "2008.11.13"]
[SourceQuality "1"]
[WhiteTeam "Charleroi CREC"]
[BlackTeam "Nidum"]
[WhiteTeamCountry "BEL"]
[BlackTeamCountry "WLS"]

1. Nf3 e6 2. b3 d5 3. Bb2 Nf6 4. g3 b6 5. Bg2 Bb7 6. 0-0 Be7 7. c4 0-0 8. Nc3 c5 9. e3 dxc4 10. bxc4 a6 11. Qe2 Qc7 12. Ne1 Nc6 13. f4 Na5 14. g4 Ne8 15. d3 Bxg2 16. Qxg2 Nd6 17. e4 Rfd8 18. e5 Ndxc4 19. dxc4 Nxc4 20. Bc1 Rab8 21. Ne4 Qd7 22. Nf3 Qd3 23. Re1 b5 24. Qf2 Qd5 25. f5 Qc6 26. f6 Bf8 27. fxg7 Bxg7 28. Nf6+ Bxf6 29. exf6 Rd3 30. Ng5 h6 31. Qh4 hxg5 32. Qh6 1-0

[Event "FRA-chT2 Nord 0708"]
[Site "France"]
[Date "2008.04.06"]
[Round "11.1"]
[White "Bauduin, Etienne"]
[Black "Simon, Olivier"]
[Result "1/2-1/2"]
[WhiteElo "2303"]
[BlackElo "2380"]
[PlyCount "52"]
[EventDate "2007.10.21"]
[EventType "team-tourn"]
[EventRounds "11"]
[EventCountry "FRA"]
[SourceTitle "EXT 2009"]
[Source "ChessBase"]
[SourceDate "2008.11.26"]
[SourceVersion "1"]
[SourceVersionDate "2008.11.26"]
[SourceQuality "1"]
[WhiteTeam "Arras"]
[BlackTeam "JEEN"]
[WhiteTeamCountry "FRA"]
[BlackTeamCountry "FRA"]

1. c4 Nf6 2. Nc3 g6 3. d4 Bg7 4. e4 d6 5. h3 0-0 6. Bg5 Na6 7. Bd3 e5 8. d5 Qe8 9. Nge2 Nd7 10. g4 Ndc5 11. Bc2 f5 12. gxf5 gxf5 13. Rg1 Kh8 14. Ng3 fxe4 15. Ncxe4 Nxe4 16. Bxe4 Nc5 17. Bc2 e4 18. Be3 Qg6 19. Ne2 Qf7 20. Rxg7 Kxg7 21. Qd2 Qh5 22. 0-0-0 Bd7 23. Ng3 Qg6 24. Rg1 Kf7 25. Ne2 Qh5 26. Nf4 Qh4 1/2-1/2

[Event "FRA-chT2 Nord 0708"]
[Site "France"]
[Date "2008.04.05"]
[Round "10.2"]
[White "Aguirre, Simon"]
[Black "Bauduin, Etienne"]
[Result "1/2-1/2"]
[WhiteElo "2278"]
[BlackElo "2303"]
[PlyCount "39"]
[EventDate "2007.10.21"]
[EventType "team-tourn"]
[EventRounds "11"]
[EventCountry "FRA"]
[SourceTitle "EXT 2009"]
[Source "ChessBase"]
[SourceDate "2008.11.26"]
[SourceVersion "1"]
[SourceVersionDate "2008.11.26"]
[SourceQuality "1"]
[WhiteTeam "Club 608"]
[BlackTeam "Arras"]
[WhiteTeamCountry "FRA"]
[BlackTeamCountry "FRA"]

1. d4 e6 2. Nf3 Nf6 3. c4 Bb4+ 4. Bd2 a5 5. g3 0-0 6. Bg2 d6 7. Nc3 Re8 8. a3 Bxc3 9. Bxc3 Ne4 10. Qc2 Nxc3 11. Qxc3 Qe7 12. 0-0 Nc6 13. b4 axb4 14. axb4 Rxa1 15. Rxa1 e5 16. dxe5 dxe5 17. b5 Nd4 18. Nxd4 exd4 19. Qxd4 Qxe2 20. h4 1/2-1/2

[Event "FRA-chT2 Nord 0708"]
[Site "France"]
[Date "2008.03.15"]
[Round "8.2"]
[White "Bauduin, Etienne"]
[Black "Bratanov, Zsivko"]
[Result "0-1"]
[WhiteElo "2301"]
[BlackElo "2451"]
[PlyCount "58"]
[EventDate "2007.10.21"]
[EventType "team-tourn"]
[EventRounds "11"]
[EventCountry "FRA"]
[SourceTitle "EXT 2009"]
[Source "ChessBase"]
[SourceDate "2008.11.26"]
[SourceVersion "1"]
[SourceVersionDate "2008.11.26"]
[SourceQuality "1"]
[WhiteTeam "Arras"]
[BlackTeam "Rueil Malmaison"]
[WhiteTeamCountry "FRA"]
[BlackTeamCountry "FRA"]

1. Nf3 Nf6 2. c4 e6 3. g3 a6 4. Bg2 b5 5. b3 Bb7 6. 0-0 c5 7. Nc3 Qb6 8. e3 Be7 9. Bb2 0-0 10. Rc1 d6 11. Ba1 Nbd7 12. d3 Rad8 13. Nh4 Bxg2 14. Nxg2 d5 15. Qe2 dxc4 16. dxc4 b4 17. Nb1 Qb7 18. g4 Ne4 19. f3 Bf6 20. Bxf6 Nexf6 21. g5 Nh5 22. f4 g6 23. Rcd1 f6 24. Rd6 fxg5 25. Rfd1 gxf4 26. Nxf4 Rxf4 27. exf4 Nxf4 28. Qg4 Qe4 29. R6d2 Rf8 0-1

[Event "FRA-chT2 North 0607"]
[Site "France"]
[Date "2007.04.01"]
[Round "11.2"]
[White "Bauduin, Etienne"]
[Black "Theon, Pierre"]
[Result "1-0"]
[WhiteElo "2285"]
[BlackElo "2195"]
[PlyCount "65"]
[EventDate "2006.10.15"]
[EventType "team-tourn"]
[EventRounds "11"]
[EventCountry "FRA"]
[SourceTitle "EXT 2008"]
[Source "ChessBase"]
[SourceDate "2007.11.25"]
[SourceVersion "1"]
[SourceVersionDate "2007.11.25"]
[SourceQuality "1"]
[WhiteTeam "Arras"]
[BlackTeam "Gonfreville II"]
[WhiteTeamCountry "FRA"]
[BlackTeamCountry "FRA"]

1. c4 Nf6 2. Nc3 c5 3. Nf3 g6 4. d4 cxd4 5. Nxd4 Bg7 6. e4 Nc6 7. Be3 Ng4 8. Qxg4 Nxd4 9. Qd1 Ne6 10. Qd2 Qa5 11. Rc1 b6 12. Bd3 Bb7 13. 0-0 g5 14. Rc2 Qe5 15. Nd5 Rc8 16. b4 h5 17. f3 h4 18. h3 Rg8 19. Kh1 Bh6 20. Qf2 f6 21. Bc1 Qd4 22. Qe2 Nf4 23. Nxf4 gxf4 24. Bb2 Qd6 25. a3 Rg3 26. Re1 e5 27. Rd1 Qe7 28. c5 bxc5 29. Bb5 Bc6 30. Rxc5 Bf8 31. Bxc6 Rxc6 32. Rxc6 dxc6 33. Qc4 1-0

[Event "FRA-chT2 North 0607"]
[Site "France"]
[Date "2007.03.31"]
[Round "10.2"]
[White "Gervais, Victor"]
[Black "Bauduin, Etienne"]
[Result "1/2-1/2"]
[WhiteElo "2254"]
[BlackElo "2285"]
[PlyCount "75"]
[EventDate "2006.10.15"]
[EventType "team-tourn"]
[EventRounds "11"]
[EventCountry "FRA"]
[SourceTitle "EXT 2008"]
[Source "ChessBase"]
[SourceDate "2007.11.25"]
[SourceVersion "1"]
[SourceVersionDate "2007.11.25"]
[SourceQuality "1"]
[WhiteTeam "Maromme"]
[BlackTeam "Arras"]
[WhiteTeamCountry "FRA"]
[BlackTeamCountry "FRA"]

1. d4 e6 2. Nf3 Nf6 3. Bg5 h6 4. Bh4 b6 5. e3 Bb7 6. Bd3 Be7 7. Nbd2 c5 8. c3 0-0 9. Qe2 cxd4 10. exd4 d6 11. 0-0-0 b5 12. Bxb5 Qa5 13. Kb1 Bd5 14. Bc4 Nc6 15. Nb3 Qb6 16. Bxf6 Bxf6 17. Bxd5 exd5 18. Qc2 a5 19. a4 Rab8 20. Nc1 Rfc8 21. Rd2 Qa6 22. g4 Ne7 23. h4 g6 24. Re1 Kf8 25. g5 hxg5 26. hxg5 Bg7 27. Nh4 Rc7 28. f4 Qc6 29. Ne2 Qd7 30. f5 Nxf5 31. Nxf5 gxf5 32. Ng3 Rcb7 33. Qxf5 Qc6 34. Re3 Qxa4 35. Qxd5 Rxb2+ 36. Rxb2 Qd1+ 37. Ka2 Qa4+ 38. Kb1 1/2-1/2

[Event "BEL-chT 0607"]
[Site "Belgium"]
[Date "2007.02.25"]
[Round "9"]
[White "Devriendt, Jo"]
[Black "Bauduin, Etienne"]
[Result "1/2-1/2"]
[WhiteElo "1980"]
[BlackElo "2285"]
[PlyCount "45"]
[EventDate "2006.10.01"]
[EventType "team-tourn"]
[EventRounds "11"]
[EventCountry "BEL"]
[SourceTitle "EXT 2008"]
[Source "ChessBase"]
[SourceDate "2007.11.25"]
[SourceVersion "1"]
[SourceVersionDate "2007.11.25"]
[SourceQuality "1"]
[WhiteTeam "KBSK Brugge II"]
[BlackTeam "Charleroi CREC"]
[WhiteTeamCountry "BEL"]
[BlackTeamCountry "BEL"]

1. e4 e6 2. d3 c5 3. g3 Nc6 4. Bg2 g6 5. Nc3 Bg7 6. Be3 Nd4 7. Qd2 Rb8 8. Nd1 b6 9. c3 Nc6 10. Ne2 h5 11. f4 Nge7 12. Nf2 d5 13. d4 Na5 14. b3 cxd4 15. Bxd4 Bxd4 16. Qxd4 0-0 17. Rd1 Ba6 18. Qe3 Qc7 19. g4 Rbc8 20. gxh5 Bxe2 21. Kxe2 Qxc3 22. Qxc3 Rxc3 23. exd5 1/2-1/2

[Event "FRA-chT2 North 0607"]
[Site "France"]
[Date "2007.01.21"]
[Round "6.3"]
[White "Bauduin, Etienne"]
[Black "Courrier, Arnaud"]
[Result "1-0"]
[WhiteElo "2285"]
[BlackElo "2156"]
[PlyCount "81"]
[EventDate "2006.10.15"]
[EventType "team-tourn"]
[EventRounds "11"]
[EventCountry "FRA"]
[SourceTitle "EXT 2008"]
[Source "ChessBase"]
[SourceDate "2007.11.25"]
[SourceVersion "1"]
[SourceVersionDate "2007.11.25"]
[SourceQuality "1"]
[WhiteTeam "Arras"]
[BlackTeam "Evry Grand Roque III"]
[WhiteTeamCountry "FRA"]
[BlackTeamCountry "FRA"]

1. c4 f5 2. g3 Nf6 3. Bg2 g6 4. Nc3 Bg7 5. e3 0-0 6. Nge2 d6 7. 0-0 c6 8. d3 Qc7 9. b3 h6 10. Bb2 g5 11. Qd2 e5 12. f4 Qf7 13. Rae1 exf4 14. exf4 g4 15. Nd1 Na6 16. Ba3 Rd8 17. Nec3 Bf8 18. Rf2 Bd7 19. Rfe2 Re8 20. Bb2 Nc7 21. b4 d5 22. c5 d4 23. Rxe8 dxc3 24. Rxf8+ Rxf8 25. Nxc3 Re8 26. Rxe8+ Qxe8 27. Nb5 Nxb5 28. Bxf6 Nc7 29. Be5 Qc8 30. Qe1 Kf7 31. Bb2 Qe8 32. Qxe8+ Nxe8 33. Be5 Be6 34. a3 a6 35. Kf2 Nf6 36. Bxf6 Kxf6 37. Ke3 Bb3 38. Kd2 h5 39. Ke3 Ba2 40. a4 Be6 41. b5 1-0